000 01028nam1a22002771 4500
001 rc\4820950
005 20130426140337.5
035 _a(NLR Aleph) 008801028
090 _a8101728
_c8101728
100 _a20130426d1958 |||y0rusy50 ca
101 0 _arus
102 _aRU
105 _a z |||||
200 1 _aИзбранные сочинения
_eВ 4 т.
_f[Сост., подготовка текста и примеч. В.А. Борисовой
_gВступ. статья В. Бахметьева, с. 3-27]. Т. 1-
210 _aМосква
_c[Мол. гвардия]
_d1958
215 _d21
300 _aПрил. к журн. "Молодой колхозник"
422 0 _12001#$aМолодой колхозник
700 1 _aШишков
_bВ. Я.
_f1873-1945
_gВячеслав Яковлевич
702 1 _aБорисова
_bВ. А.
_4220
_4212
702 1 _aБахметьев
_bВ.
_4080
801 0 _aRU
_bNLR
_gpsbo
801 1 _aRU
_bELAR
_2rusmarc
852 _aNLR
_j58-3/3501
942 _cBOOK
980 _aNB